ბათუმის შოთა რუსთაველის სახელმწიფო უნივერსიტეტის ბიბლიოთეკა

სინური მრავალთავი = Синайский Многоглав : გამოკვლევა და ლექსიკონი (ბიბ.ჩანაწერი № 52439)

000 -LEADER
fixed length control field 01046nam a2200241Ia 4500
001 - CONTROL NUMBER
control field 19462
003 - CONTROL NUMBER IDENTIFIER
control field GE_BSU
008 - FIXED-LENGTH DATA ELEMENTS--GENERAL INFORMATION
fixed length control field 181216s||||||||xx |||||||||||||| ||und||
040 ## - CATALOGING SOURCE
Transcribing agency GE_BSU
080 ## - UNIVERSAL DECIMAL CLASSIFICATION NUMBER
Universal Decimal Classification number 811.353
100 ## - MAIN ENTRY--PERSONAL NAME
Personal name იმნაიშვილი , ივანე
245 ## - TITLE STATEMENT
Title სინური მრავალთავი = Синайский Многоглав : გამოკვლევა და ლექსიკონი
245 ## - TITLE STATEMENT
Statement of responsibility, etc. რედაქტორი : ა. შანიძე.
250 ## - EDITION STATEMENT
Edition statement ძველი ქართული ენის კათედრის შრომები , 17.
260 ## - PUBLICATION, DISTRIBUTION, ETC.
Place of publication, distribution, etc. თბილისი
260 ## - PUBLICATION, DISTRIBUTION, ETC.
Name of publisher, distributor, etc. თბილისის უნივერსიტეტის გამომცემლობა
260 ## - PUBLICATION, DISTRIBUTION, ETC.
Date of publication, distribution, etc. 1975
300 ## - PHYSICAL DESCRIPTION
Extent 287გვ;26სმ.
653 ## - INDEX TERM--UNCONTROLLED
Uncontrolled term ქართული ენა
653 ## - INDEX TERM--UNCONTROLLED
Uncontrolled term ძველი ქართული ენა. ქართული ხელნაწერები
942 ## - ADDED ENTRY ELEMENTS (KOHA)
Koha item type წიგნი
ეგზემპლარები
Withdrawn status Lost status Damaged status Not for loan Date acquired Barcode Date last seen Price effective from Koha item type
        2018-12-17 48469 2018-12-17 2018-12-17 წიგნი